Code Cracker! XIII Quiz Stats

 Plays Quiz Updated Mar 4, 2018

Also try: Code Cracker! XII
Challenge
Share
Tweet
Score 0/158 Timer 04:00
18 Plays Today
% Correct
✔​
100%
V​
100%
V​
100%
V​
100%
✔​
94.1%
E​
94.1%
E​
94.1%
E​
94.1%
E​
94.1%
E​
94.1%
E​
94.1%
E​
94.1%
E​
94.1%
E​
94.1%
E​
94.1%
E​
94.1%
E​
94.1%
E​
94.1%
E​
94.1%
E​
94.1%
E​
94.1%
E​
94.1%
E​
94.1%
E​
94.1%
✔​
93.4%
O​
93.4%
O​
93.4%
O​
93.4%
O​
93.4%
O​
93.4%
O​
93.4%
O​
93.4%
O​
93.4%
O​
93.4%
O​
93.4%
O​
93.4%
O​
93.4%
O​
93.4%
✔​
93.3%
L​
93.3%
L​
93.3%
L​
93.3%
L​
93.3%
✔​
93.1%
I​
93.1%
I​
93.1%
I​
93.1%
I​
93.1%
I​
93.1%
I​
93.1%
I​
93.1%
I​
93.1%
I​
93.1%
% Correct
I​
93.1%
I​
93.1%
I​
93.1%
I​
93.1%
I​
93.1%
I​
93.1%
✔​
92%
N​
92%
N​
92%
N​
92%
N​
92%
N​
92%
N​
92%
N​
92%
N​
92%
N​
92%
N​
92%
✔​
89.4%
Y​
89.4%
Y​
89.4%
Y​
89.4%
Y​
89.4%
Y​
89.4%
✔​
89.3%
T​
89.3%
T​
89.3%
T​
89.3%
T​
89.3%
T​
89.3%
T​
89.3%
T​
89.3%
T​
89.3%
✔​
88.3%
G​
88.3%
G​
88.3%
G​
88.3%
G​
88.3%
G​
88.3%
✔​
88.2%
R​
88.2%
R​
88.2%
R​
88.2%
R​
88.2%
R​
88.2%
R​
88.2%
R​
88.2%
✔​
87.7%
S​
87.7%
S​
87.7%
S​
87.7%
S​
87.7%
S​
87.7%
✔​
87.6%
% Correct
P​
87.6%
P​
87.6%
P​
87.6%
P​
87.6%
✔​
87.4%
U​
87.4%
U​
87.4%
U​
87.4%
U​
87.4%
U​
87.4%
✔​
85.6%
D​
85.6%
D​
85.6%
D​
85.6%
✔​
85.2%
C​
85.2%
C​
85.2%
C​
85.2%
C​
85.2%
C​
85.2%
✔​
84.2%
H​
84.2%
H​
84.2%
H​
84.2%
H​
84.2%
H​
84.2%
H​
84.2%
✔​
83%
K​
83%
K​
83%
✔​
82.7%
Z​
82.7%
✔​
81.3%
W​
81.3%
W​
81.3%
W​
81.3%
W​
81.3%
M​
77.7%
77.7%
✔​
77.6%
A​
77.6%
✔​
76.5%
J​
76.5%
Q​
76%
76%
✔​
74.9%
F​
74.9%
F​
74.9%
✔​
69.1%
B​
69.1%
✔​
69%
X​
69%

You're not logged in!

Compare scores with friends on all Sporcle quizzes.
OR
Log In

You Might Also Like...

Show Comments

Extras

Top Quizzes Today


Score Distribution

Your Account Isn't Verified!

In order to create a playlist on Sporcle, you need to verify the email address you used during registration. Go to your Sporcle Settings to finish the process.

Report this User

Report this user for behavior that violates our Community Guidelines.

Details: